000 00897nas a2200301 4500
001 BR9904700
003 BR-BrBNA
005 20231205101601.0
007 ta
008 230509b bl.|||p| |||| 00| 00por d
040 _aBR-BrBNA
_bpor
_cBiblioteca Nacional de Agricultura
041 _a(Pt)
072 _aT01
100 1 _aRibeiro-Filho, M.R.
100 1 _aCuri, N.
100 1 _aSiqueira, J.O.
100 1 _aMotta, P.E.F. da
245 1 _aMetais pesados em solos de areas de rejeitos de industria de processamento de zinco
650 _aMetal Pesado
650 _aFracionamento
650 _aPoluicao
650 _aPoluente
650 _aDeterioracao do Solo
650 _aZinco
773 0 _tRevista Brasileira de Ciencia do Solo (Brazil)
_xISSN 0100-0683
_g(Apr-Jun 1999), v. 23(2) p. 453-464
_wBR9904700
909 _a202311
_bLúcia
_c55
_dLúcia Elande
942 _2AGRIS
_n0
_cANA
999 _c162680
_d162680